000 00716cam a2200181 4500
001 3762
005 20181127171926.0
008 050318m20069999nyua 000 0 eng
010 _a 2005007655
_z 2005007653
_z 2005003779
_z 2005004368
020 _a0131899848 (v. 3 : student book : alk. paper)
245 0 0 _aFocus on grammar :
_bAn integrated skills approach: Workbook /
_cMarjorie Fuchs.
250 _a3rd ed.
260 _aWhite Plains, NY :
_bPearson Longman,
_cc2006.
300 _av. :
_bill. ;
_c28 cm. +
_e1 sound disc (digital ; 4 3/4 in.)
650 0 _aEnglish language
_vTextbooks for foreign speakers.
650 0 _aEnglish language
_xGrammar
_vProblems, exercises, etc.
700 1 _aSchoenberg, Irene,
_d1946-
999 _c3076
_d3076